| 000 | 00627nam a2200205 i 4500 | ||
|---|---|---|---|
| 001 | 79744 | ||
| 003 | ES-MaACL | ||
| 005 | 20230906174037.0 | ||
| 007 | t| | ||
| 008 | 041022s1940 sp ||||1| spa d | ||
| 100 | 1 |
_aHervada Iglesias, Enrique. _963413 |
|
| 245 | 1 | 0 |
_aPleuritis tuberculosas / _cpor Enrique Hervada Iglesias. |
| 250 | _a[1ª ed.]. | ||
| 260 |
_aBarcelona : _bSalvat, _c1940 ( _fImp. Hispano-Americana) |
||
| 300 |
_a117 p., 4 lám. ; _c23 cm. |
||
| 490 | 1 | _aManuales de medicina práctica | |
| 830 | 0 |
_aManuales de medicina práctica _9181070 |
|
| 852 |
_aES-MaACL _jE-1120 _bR.21956 |
||
| 999 |
_c79744 _d79744 |
||